History Quiz

Random History or Politics Quiz

Governors of Kentucky Quiz Stats

 Plays Quiz not verified by Sporcle

Score 0/61 Timer 12:00
0 Plays Today
Political Party Name % Correct
DemocraticJohn Brown
76.6%
DemocraticJohn Brown
76.6%
DemocraticMartha Collins
74.3%
DemocraticWendell Ford
70.7%
DemocraticSteven Beshear
68.9%
RepublicanErnest Fletcher
68.3%
DemocraticKeen Johnson
67.7%
RepublicanLouie Nunn
65.9%
Democratic-RepublicanIsaac Shelby
64.7%
Democratic-RepublicanIsaac Shelby
64.7%
DemocraticA.B. Chandler
64.7%
DemocraticA.B. Chandler
64.7%
DemocraticJulian Carroll
64.7%
DemocraticWallace Wilkinson
64.1%
DemocraticPaul Patton
62.3%
DemocraticBrereton Jones
61.7%
DemocraticJohn Breathitt
52.7%
DemocraticEdward Breathitt
52.7%
Democratic-RepublicanJames Garrard
50.9%
DemocraticWilliam Goebel
49.7%
Democratic-RepublicanChristopher Greenup
45.5%
DemocraticBert Combs
45.5%
DemocraticRuby Laffoon
41.9%
Democratic RepublicanCharles Scott
40.1%
DemocraticBeriah Magoffin
39.5%
RepublicanWilliam Taylor
39.5%
DemocraticJames McCreary
38.9%
DemocraticJames McCreary
38.9%
Democratic-RepublicanGeorge Madison
38.3%
Democratic-RepublicanJohn Adair
37.7%
RepublicanAugustus Wilson
37.7%
Political Party Name % Correct
DemocraticEarle Clements
37.7%
WhigRobert Letcher
37.1%
Democratic-RepublicanGabriel Slaughter
36.5%
DemocraticJames Black
35.9%
National RepublicanThomas Metcalfe
35.3%
RepublicanSimeon Willis
35.3%
National RepublicanJames Morehead
34.7%
Know NothingCharles Morehead
34.7%
Democratic-RepublicanJoseph Desha
34.1%
WhigJohn Crittenden
33.5%
WhigCharles Wickliffe
32.9%
DemocraticJ.C. Beckham
32.9%
DemocraticProctor Knott
32.3%
DemocraticLawrence Weatherby
32.3%
WhigWilliam Owsley
31.1%
DemocraticPreston Leslie
31.1%
RepublicanFlem Sampson
31.1%
WhigJames Clark
30.5%
WhigJohn Helm
30.5%
DemocraticJames Robinson
30.5%
DemocraticJohn Helm
30.5%
DemocraticLazarus Powell
28.7%
DemocraticSimon Buckner
26.3%
RepublicanEdwin Morrow
26.3%
DemocraticLuke Blackburn
25.7%
DemocraticWilliam Fields
25.7%
DemocraticAugustus Stanley
24%
DemocraticThomas Bramlett
23.4%
DemocraticJohn Stevenson
22.8%
RepublicanWilliam Bradley
20.4%

You're not logged in!

Compare scores with friends on all Sporcle quizzes.
OR
Log In

Show Comments

Extras

Top Quizzes Today


Score Distribution

Your Account Isn't Verified!

In order to create a playlist on Sporcle, you need to verify the email address you used during registration. Go to your Sporcle Settings to finish the process.

Report this User

Report this user for behavior that violates our Community Guidelines.

Details: